Detalles MARC
| 000 -LIDER |
| fixed length control field |
00962nam a2200361 4500 |
| 003 - IDENTIFICACDOR DE NÚMERO DE CONTROL |
| control field |
DO-SdBNP |
| 005 - DATE AND TIME OF LATEST TRANSACTION |
| control field |
20171206094442.0 |
| 008 - ELEMENTOS DE LONGITUD FIJA |
| fixed length control field |
171113b 1980 |||| 00| 0 spa d |
| 015 ## - NÚMERO DENTRO DE LA BIBLIOGRAFÍA NACIONAL |
| National bibliography number |
|
| 017 ## - NÚMERO DE REGISTRO DE DERECHOS DE AUTOR |
| Copyright or legal deposit number |
|
| Assigning agency |
|
| 020 ## - ISBN |
| International Standard Book Number |
9682601762 |
| 035 ## - NÚMERO LOCAL |
| System control number |
|
| 040 ## - FUENTE DE CATALOGACIÓN |
| Agencia que crea de manera original el registro |
BPMSU |
| Idioma de catalogación |
spa |
| Agencia que realiza la transcripción |
BPMSU |
| Convenciones de la despripción |
|
| 080 ## - NÚMERO DE CLASIFICACIÓN DECIMAL UNIVERSAL |
| Universal Decimal Classification number |
|
| 082 #4 - NÚMERO DE CLASIFICACIÓN DECIMAL DE DEWEY |
| Classification number |
658.4 |
| Item number |
T329p |
| Edition number |
|
| 100 1# - ASIENTO PRINCIPAL -- NOMBRE PERSONAL |
| Nombre personal |
Terry, George R. |
| Término de relación |
|
| 240 ## - TITULO UNIFORME |
| Título uniforme |
|
| Idioma de una obra |
|
| 245 10 - MENCIÓN DE TITULO |
| Título |
Principios de administración / |
| Mención de responsabilidad |
George Robert Terry |
| Subtítulo |
|
| 250 ## - MENCIÓN DE EDICION |
| Mención de edición |
|
| 260 ## - PUBLICACIÓN, DISTRIBUCIÓN, ETC. (PIE DE IMPRENTA) |
| Lugar de publicación, distribución, etc |
México D.F. : |
| Nombre del editor, distribuidor, etc. |
Continental , |
| Fecha de publicación, distribución, etc |
1980. |
| 300 ## - DESCRIPCIÓN FÍSICA |
| Extensión |
699 p. : |
| Otros detalles físicos |
il. ; |
| Dimensiones |
23 cm |
| 336 ## - CONTENT TYPE |
| Content type term |
|
| Source |
|
| 337 ## - MEDIA TYPE |
| Media type term |
|
| Source |
|
| 500 ## - NOTA GENERAL |
| Nota general |
Incluye índice alfabético. |
| 500 ## - NOTA GENERAL |
| Nota general |
la biblioteca posee la 6a reimpresión del 1982. |
| 504 ## - NOTA DE BIBLIOGRAFÍA, ETC. |
| Bibliography, etc |
Bibliografía : p. 651-667 |
| 650 #4 - ENCABEZAMIENTO DE MATERIA--TEMÁTICO |
| Fuente del encabezamiento o término |
|
| 650 #7 - ENCABEZAMIENTO DE MATERIA--TEMÁTICO |
| Término temático o nombre geográfico como elemento de entrada |
Planificación del mercadeo. |
| 700 ## - ASIENTO SECUNDARIO -- NOMBRE PERSONAL |
| Término de relación |
|
| 942 ## - ADDED ENTRY ELEMENTS (KOHA) |
| Source of classification or shelving scheme |
Dewey Decimal Classification |
| Koha item type |
Libros |
| 945 ## - INFORMACIÓN DE PROCESAMIENTO LOCAL |
| Información de procesamiento local |
Inventariado, 2017/MFF |
| 956 ## - LOCAL ELECTRONIC LOCATION AND ACCESS (OCLC) |
| Nombre de host |
BTAVAREZ |
| Número de acceso |
10 |
| Información de compresión |
20171113 |
| Trayectoria |
0038 |